[Event "GER-ch31 final email"]
[Site "GER email"]
[Date "2007.01.23"]
[Round "?"]
[White "Repp, Henner"]
[Black "Boehme, Stefan"]
[Result "1/2-1/2"]
[WhiteElo "2283"]
[BlackElo "2341"]
[PlyCount "92"]
[EventDate "2007.??.??"]
[EventType "tourn (corr)"]
[EventRounds "12"]
[EventCountry "GER"]
[SourceTitle "Corr 2011"]
[Source "ChessBase"]
[SourceDate "2010.08.31"]
[SourceVersion "1"]
[SourceVersionDate "2010.08.31"]
[SourceQuality "1"]

1. c4 Nf6 2. Nc3 g6 3. e4 d6 4. d4 Bg7 5. Be2 0-0 6. Bg5 Na6 7. Nf3 h6 8. Bf4 e5 9. dxe5 Nh5 10. Be3 dxe5 11. Qc1 Kh7 12. 0-0 c6 13. Rd1 Qe7 14. c5 Nc7 15. Rd6 Ne8 16. Rd2 f5 17. exf5 Bxf5 18. g3 Nc7 19. Rd6 Ne8 20. Rd1 Nc7 21. Nh4 Nf4 22. Bc4 Be6 23. Bxe6 Nfxe6 24. Qc2 Qf7 25. Rd6 Bf6 26. Nf3 Ne8 27. Rd3 Bg7 28. Nh4 Nf6 29. Rad1 Rae8 30. Rd6 Nc7 31. a4 Ncd5 32. a5 Rd8 33. Ne4 Nxe4 34. Qxe4 Rxd6 35. cxd6 b6 36. axb6 axb6 37. Rc1 Nxe3 38. Qxe3 Qd5 39. Qxb6 Qd2 40. Qe3 Qxd6 41. Qe4 c5 42. Nf3 Rb8 43. h4 Rxb2 44. h5 Rb4 45. hxg6+ Qxg6 46. Qd5 e4 1/2-1/2

[Event "GER-ch31 final email"]
[Site "GER email"]
[Date "2007.01.23"]
[Round "?"]
[White "Repp, Henner"]
[Black "Frank, Heinrich"]
[Result "1/2-1/2"]
[WhiteElo "2283"]
[BlackElo "2155"]
[PlyCount "105"]
[EventDate "2007.??.??"]
[EventType "tourn (corr)"]
[EventRounds "12"]
[EventCountry "GER"]
[SourceTitle "Corr 2011"]
[Source "ChessBase"]
[SourceDate "2010.08.31"]
[SourceVersion "1"]
[SourceVersionDate "2010.08.31"]
[SourceQuality "1"]

1. e4 c6 2. c4 e5 3. Nf3 d6 4. d4 Nd7 5. Nc3 Be7 6. Qc2 Ngf6 7. Be2 Qc7 8. 0-0 0-0 9. Bg5 a6 10. h3 exd4 11. Nxd4 h6 12. Be3 Re8 13. Rfe1 a5 14. Rad1 Nc5 15. b3 Bd7 16. Bf4 Qb6 17. Bf3 a4 18. Nxa4 Nxa4 19. bxa4 Qb4 20. Rb1 Qxa4 21. Rxb7 Qxc2 22. Nxc2 Rxa2 23. Ne3 Bc8 24. Rc7 Bd7 25. Rd1 Bd8 26. Rb7 Bc8 27. Rbb1 Ba5 28. c5 dxc5 29. e5 Nd5 30. Nxd5 cxd5 31. Bxd5 Ra3 32. Rb8 Bc7 33. e6 fxe6 34. Bxe6+ Kf8 35. Bxc7 Bxe6 36. Bd6+ Kf7 37. Rb7+ Kg8 38. Bxc5 Ra5 39. Rc7 Raa8 40. Bd4 Bf7 41. Bb2 Rad8 42. Ra1 Re2 43. Rb7 Rc2 44. h4 Rc4 45. g3 Rc2 46. Bd4 Rcc8 47. Raa7 Ra8 48. Rxf7 Rxa7 49. Rxa7 Rxd4 50. Kg2 Rd5 51. Kf3 Kh7 52. Kf4 Rb5 53. g4 1/2-1/2